Malé a stredné podniky a digitalizácia účtovníctva diplomová práca

Na minha lista:
Detalhes bibliográficos
Autor principal: Voštinárová, Zuzana
Autor Corporativo: Fakulta hospodárskej informatiky EU. Katedra účtovníctva a audítorstva
Outros Autores: Mokošová, Daša, 1979-
Formato: Livro
Idioma:eslovaco
Publicado em: Bratislava 2023
Tags: Adicionar Tag
Sem tags, seja o primeiro a adicionar uma tag!

MARC

LEADER 00000nbm a2200000 4500
001 0294086
005 20240412124647.6
041 0 |a slo 
044 |a SK 
245 1 0 |a Malé a stredné podniky a digitalizácia účtovníctva  |b diplomová práca  |c Zuzana Voštinárová ; školiteľ: Daša Mokošová 
264 1 |a Bratislava  |c 2023 
300 |a 59 s. 
100 1 |a Voštinárová, Zuzana 
700 1 |a Mokošová, Daša, 1979- 
710 2 |a Fakulta hospodárskej informatiky EU. Katedra účtovníctva a audítorstva